000 00295nam a22001337a 4500
008 170629b xxu||||| |||| 00| 0 eng d
020 _a9780520255982
041 _aeng
080 _a82
100 _a22
101 _aGJL
245 _aPOEMS FOR THE MILLENNIUM
_cROTHENBERG,J
942 _2udc
_cBK
999 _c19553
_d19553